[Event "2023 National K-12 Grade Championships"]
[Site "Orlando, Florida, United States"]
[Date "2023.12.17"]
[Round "6.18"]
[White "Sukhiashvili, Alexander"]
[Black "Qian, Bobby"]
[Result "1/2-1/2"]
[TimeControl "G/90;d10"]
[WhiteElo "1785"]
[BlackElo "2131"]

1. e4 {[%clk 01:30:00]} {[%emt 00:00:02]} e5 {[%clk 01:28:25]} {[%emt
00:01:45]} 2. Nf3 {[%clk 01:30:00]} {[%emt 00:00:05]} Nc6 {[%clk 01:28:25]}
{[%emt 00:00:04]} 3. Bc4 {[%clk 01:30:00]} {[%emt 00:00:04]} Bc5 {[%clk
01:28:25]} {[%emt 00:00:04]} 4. c3 {[%clk 01:30:00]} {[%emt 00:00:06]} Nf6
{[%clk 01:28:25]} {[%emt 00:00:04]} 5. d4 {[%clk 01:30:00]} {[%emt 00:00:05]}
exd4 {[%clk 01:28:25]} {[%emt 00:00:03]} 6. e5 {[%clk 01:30:00]} {[%emt
00:00:08]} d5 {[%clk 01:28:25]} {[%emt 00:00:03]} 7. Bb5 {[%clk 01:30:00]}
{[%emt 00:00:08]} Ne4 {[%clk 01:28:25]} {[%emt 00:00:05]} 8. cxd4 {[%clk
01:30:00]} {[%emt 00:00:06]} Bb6 {[%clk 01:28:25]} {[%emt 00:00:05]} 9. Nc3
{[%clk 01:28:34]} {[%emt 00:01:37]} O-O {[%clk 01:28:14]} {[%emt 00:00:21]} 10.
O-O {[%clk 01:28:30]} {[%emt 00:00:14]} Bg4 {[%clk 01:27:49]} {[%emt 00:00:35]}
11. Bxc6 {[%clk 01:27:01]} {[%emt 00:01:39]} bxc6 {[%clk 01:27:49]} {[%emt
00:00:09]} 12. Be3 {[%clk 01:27:01]} {[%emt 00:00:08]} f6 {[%clk 01:26:26]}
{[%emt 00:01:34]} 13. Nxe4 {[%clk 01:19:03]} {[%emt 00:08:07]} dxe4 {[%clk
01:26:23]} {[%emt 00:00:13]} 14. Qb3+ {[%clk 01:19:03]} {[%emt 00:00:11]} Kh8
{[%clk 01:24:56]} {[%emt 00:01:36]} 15. Nd2 {[%clk 01:19:02]} {[%emt 00:00:11]}
Qd5 {[%clk 01:07:14]} {[%emt 00:17:51]} 16. Qxd5 {[%clk 01:15:02]} {[%emt
00:04:11]} cxd5 {[%clk 01:07:14]} {[%emt 00:00:05]} 17. exf6 {[%clk 01:12:19]}
{[%emt 00:02:53]} Rxf6 {[%clk 01:07:08]} {[%emt 00:00:17]} 18. f3 {[%clk
01:11:07]} {[%emt 00:01:22]} exf3 {[%clk 01:07:00]} {[%emt 00:00:18]} 19. Nxf3
{[%clk 01:11:07]} {[%emt 00:00:06]} Bxf3 {[%clk 01:03:00]} {[%emt 00:04:10]} 20.
Rxf3 {[%clk 01:11:07]} {[%emt 00:00:06]} Rxf3 {[%clk 01:03:00]} {[%emt
00:00:06]} 21. gxf3 {[%clk 01:11:07]} {[%emt 00:00:03]} Re8 {[%clk 01:02:33]}
{[%emt 00:00:38]} 22. Kf2 {[%clk 01:10:48]} {[%emt 00:00:28]} g6 {[%clk
01:02:33]} {[%emt 00:00:07]} 23. b4 {[%clk 01:09:25]} {[%emt 00:01:34]} a6
{[%clk 01:00:34]} {[%emt 00:02:09]} 24. Rd1 {[%clk 01:08:51]} {[%emt 00:00:43]}
Re6 {[%clk 01:00:14]} {[%emt 00:00:31]} 25. Rc1 {[%clk 01:08:14]} {[%emt
00:00:46]} Kg7 {[%clk 00:59:15]} {[%emt 00:01:09]} 26. a4 {[%clk 01:07:44]}
{[%emt 00:00:41]} c6 {[%clk 00:57:32]} {[%emt 00:01:52]} 27. Rb1 {[%clk
01:03:22]} {[%emt 00:04:32]} Bd8 {[%clk 00:54:39]} {[%emt 00:03:03]} 28. Rc1
{[%clk 00:59:17]} {[%emt 00:04:15]} Bh4+ {[%clk 00:54:06]} {[%emt 00:00:42]} 29.
Ke2 {[%clk 00:59:17]} {[%emt 00:00:10]} Bg5 {[%clk 00:51:58]} {[%emt 00:02:18]}
30. Rc3 {[%clk 00:59:17]} {[%emt 00:00:07]} Kf6 {[%clk 00:51:23]} {[%emt
00:00:45]} 31. Kf2 {[%clk 00:55:23]} {[%emt 00:04:05]} Bxe3+ {[%clk 00:49:55]}
{[%emt 00:01:38]} 32. Rxe3 {[%clk 00:55:23]} {[%emt 00:00:04]} Rxe3 {[%clk
00:49:55]} {[%emt 00:00:06]} 33. Kxe3 {[%clk 00:55:23]} {[%emt 00:00:02]} Kg5
{[%clk 00:49:40]} {[%emt 00:00:25]} 34. a5 {[%clk 00:29:09]} {[%emt 00:26:24]}
Kf5 {[%clk 00:49:14]} {[%emt 00:00:36]} 35. Kd3 {[%clk 00:25:06]} {[%emt
00:04:13]} Kf4 {[%clk 00:49:08]} {[%emt 00:00:15]} 36. Ke2 {[%clk 00:25:06]}
{[%emt 00:00:04]} g5 {[%clk 00:47:59]} {[%emt 00:01:19]} 37. Kf2 {[%clk
00:23:47]} {[%emt 00:01:29]} g4 {[%clk 00:47:57]} {[%emt 00:00:13]} 38. fxg4
{[%clk 00:23:12]} {[%emt 00:00:44]} Kxg4 {[%clk 00:47:57]} {[%emt 00:00:05]} 39.
Ke3 {[%clk 00:22:57]} {[%emt 00:00:24]} Kh3 {[%clk 00:47:49]} {[%emt 00:00:18]}
40. Kf4 {[%clk 00:22:57]} {[%emt 00:00:06]} Kxh2 {[%clk 00:47:48]} {[%emt
00:00:11]} 41. Ke5 {[%clk 00:22:03]} {[%emt 00:01:04]} Kg3 {[%clk 00:47:31]}
{[%emt 00:00:27]} 42. b5 {[%clk 00:20:10]} {[%emt 00:02:03]} cxb5 {[%clk
00:46:53]} {[%emt 00:00:48]} 43. Kxd5 {[%clk 00:20:10]} {[%emt 00:00:07]} h5
{[%clk 00:36:02]} {[%emt 00:11:01]} 44. Kc5 {[%clk 00:20:10]} {[%emt 00:00:09]}
h4 {[%clk 00:36:02]} {[%emt 00:00:05]} 45. d5 {[%clk 00:20:10]} {[%emt
00:00:06]} h3 {[%clk 00:36:02]} {[%emt 00:00:05]} 46. d6 {[%clk 00:20:10]}
{[%emt 00:00:06]} h2 {[%clk 00:36:02]} {[%emt 00:00:03]} 47. d7 {[%clk
00:20:10]} {[%emt 00:00:05]} h1=Q {[%clk 00:36:02]} {[%emt 00:00:05]} 48. d8=Q
{[%clk 00:20:10]} {[%emt 00:00:06]} Qb7 {[%clk 00:29:18]} {[%emt 00:06:53]} 49.
Qg5+ {[%clk 00:19:58]} {[%emt 00:00:21]} Kf3 {[%clk 00:29:08]} {[%emt
00:00:22]} 50. Qf5+ {[%clk 00:19:58]} {[%emt 00:00:08]} Ke3 {[%clk 00:29:01]}
{[%emt 00:00:17]} 51. Qg5+ {[%clk 00:19:53]} {[%emt 00:00:15]} Kd3 {[%clk
00:28:17]} {[%emt 00:00:54]} 52. Qg3+ {[%clk 00:19:18]} {[%emt 00:00:45]} Kc2
{[%clk 00:27:44]} {[%emt 00:00:44]} 53. Qf2+ {[%clk 00:19:14]} {[%emt
00:00:12]} Kb3 {[%clk 00:27:08]} {[%emt 00:00:47]} 54. Qe3+ {[%clk 00:19:06]}
{[%emt 00:00:17]} Ka4 {[%clk 00:24:45]} {[%emt 00:02:35]} 55. Qd4+ {[%clk
00:18:51]} {[%emt 00:00:23]} b4 {[%clk 00:20:43]} {[%emt 00:04:13]} 56. Qd1+
{[%clk 00:18:51]} {[%emt 00:00:07]} Ka3 {[%clk 00:20:32]} {[%emt 00:00:22]} 57.
Qc1+ {[%clk 00:18:45]} {[%emt 00:00:16]} Kb3 {[%clk 00:18:21]} {[%emt
00:02:21]} 58. Qc4+ {[%clk 00:17:10]} {[%emt 00:01:45]} Ka3 {[%clk 00:17:54]}
{[%emt 00:00:37]} 59. Qc1+ {[%clk 00:17:10]} {[%emt 00:00:04]} Ka4 {[%clk
00:17:12]} {[%emt 00:00:52]} 60. Qd1+ {[%clk 00:16:31]} {[%emt 00:00:48]} Ka3
{[%clk 00:14:13]} {[%emt 00:03:11]} 61. Qc1+ {[%clk 00:16:22]} {[%emt
00:00:18]} 1/2-1/2

[Event "2023 National K-12 Grade Championships"]
[Site "Orlando, Florida, United States"]
[Date "2023.12.17"]
[Round "6.19"]
[White "Ohly, Oliver"]
[Black "Wang, Kyle Y"]
[Result "0-1"]
[TimeControl "G/90;d10"]
[WhiteElo "1879"]
[BlackElo "2078"]

1. d4 {[%clk 01:30:00]} {[%emt 00:00:01]} Nf6 {[%clk 01:28:58]} {[%emt
00:01:13]} 2. c4 {[%clk 01:30:00]} {[%emt 00:00:09]} e6 {[%clk 01:28:58]}
{[%emt 00:00:05]} 3. Nf3 {[%clk 01:30:00]} {[%emt 00:00:06]} d5 {[%clk
01:28:58]} {[%emt 00:00:04]} 4. g3 {[%clk 01:30:00]} {[%emt 00:00:09]} Be7
{[%clk 01:28:37]} {[%emt 00:00:31]} 5. Bg2 {[%clk 01:30:00]} {[%emt 00:00:08]}
O-O {[%clk 01:28:37]} {[%emt 00:00:07]} 6. O-O {[%clk 01:30:00]} {[%emt
00:00:10]} dxc4 {[%clk 01:28:37]} {[%emt 00:00:04]} 7. Qc2 {[%clk 01:28:47]}
{[%emt 00:01:22]} b5 {[%clk 01:27:04]} {[%emt 00:01:44]} 8. Ne5 {[%clk
01:26:57]} {[%emt 00:01:59]} Nd5 {[%clk 01:25:54]} {[%emt 00:01:21]} 9. a3
{[%clk 01:24:35]} {[%emt 00:02:31]} Bb7 {[%clk 01:23:59]} {[%emt 00:02:05]} 10.
Nc3 {[%clk 01:19:51]} {[%emt 00:04:54]} a6 {[%clk 01:22:30]} {[%emt 00:01:40]}
11. e4 {[%clk 01:16:14]} {[%emt 00:03:46]} Nf6 {[%clk 01:21:47]} {[%emt
00:00:53]} 12. Rd1 {[%clk 01:14:14]} {[%emt 00:02:10]} Nbd7 {[%clk 01:20:20]}
{[%emt 00:01:38]} 13. f4 {[%clk 01:11:43]} {[%emt 00:02:40]} c5 {[%clk
01:17:57]} {[%emt 00:02:34]} 14. d5 {[%clk 00:55:47]} {[%emt 00:16:06]} exd5
{[%clk 01:16:49]} {[%emt 00:01:18]} 15. Nxd5 {[%clk 00:54:46]} {[%emt
00:01:10]} Nxd5 {[%clk 01:14:22]} {[%emt 00:02:37]} 16. exd5 {[%clk 00:53:52]}
{[%emt 00:01:05]} Bd6 {[%clk 01:11:03]} {[%emt 00:03:29]} 17. Nc6 {[%clk
00:40:14]} {[%emt 00:13:48]} Qc7 {[%clk 01:08:58]} {[%emt 00:02:11]} 18. Bd2
{[%clk 00:33:54]} {[%emt 00:06:31]} Nf6 {[%clk 01:05:22]} {[%emt 00:03:48]} 19.
Bc3 {[%clk 00:31:37]} {[%emt 00:02:26]} Nxd5 {[%clk 00:54:07]} {[%emt
00:11:26]} 20. Ba5 {[%clk 00:29:30]} {[%emt 00:02:17]} Qd7 {[%clk 00:53:36]}
{[%emt 00:00:41]} 21. Rxd5 {[%clk 00:19:27]} {[%emt 00:10:13]} Bxc6 {[%clk
00:53:00]} {[%emt 00:00:46]} 22. Rad1 {[%clk 00:18:19]} {[%emt 00:01:16]} Bxd5
{[%clk 00:52:40]} {[%emt 00:00:33]} 23. Bxd5 {[%clk 00:18:01]} {[%emt
00:00:28]} Rae8 {[%clk 00:52:14]} {[%emt 00:00:35]} 24. Be4 {[%clk 00:15:28]}
{[%emt 00:02:40]} Qe6 {[%clk 00:46:05]} {[%emt 00:06:21]} 25. Bxh7+ {[%clk
00:14:04]} {[%emt 00:01:34]} Kh8 {[%clk 00:45:39]} {[%emt 00:00:37]} 26. Bc3
{[%clk 00:11:16]} {[%emt 00:02:59]} Qe3+ {[%clk 00:41:16]} {[%emt 00:04:33]} 27.
Kg2 {[%clk 00:08:41]} {[%emt 00:02:41]} Qe2+ {[%clk 00:39:42]} {[%emt
00:01:47]} 28. Qxe2 {[%clk 00:07:40]} {[%emt 00:01:11]} Rxe2+ {[%clk 00:39:42]}
{[%emt 00:00:03]} 29. Kf3 {[%clk 00:07:17]} {[%emt 00:00:32]} Rxh2 {[%clk
00:39:34]} {[%emt 00:00:18]} 30. Be4 {[%clk 00:06:26]} {[%emt 00:01:01]} Be7
{[%clk 00:39:30]} {[%emt 00:00:13]} 31. Rd7 {[%clk 00:05:58]} {[%emt 00:00:40]}
Bf6 {[%clk 00:39:10]} {[%emt 00:00:29]} 32. Bxf6 {[%clk 00:05:30]} {[%emt
00:00:38]} gxf6 {[%clk 00:39:10]} {[%emt 00:00:08]} 33. Rd6 {[%clk 00:05:25]}
{[%emt 00:00:14]} Rxb2 {[%clk 00:38:57]} {[%emt 00:00:24]} 34. Rxf6 {[%clk
00:04:05]} {[%emt 00:01:29]} c3 {[%clk 00:38:46]} {[%emt 00:00:21]} 35. Kg4
{[%clk 00:03:43]} {[%emt 00:00:30]} c2 {[%clk 00:37:30]} {[%emt 00:01:28]} 36.
Bxc2 {[%clk 00:02:44]} {[%emt 00:01:09]} Rxc2 {[%clk 00:37:30]} {[%emt
00:00:06]} 37. Kf5 {[%clk 00:02:29]} {[%emt 00:00:25]} Kg7 {[%clk 00:37:27]}
{[%emt 00:00:12]} 38. Rxa6 {[%clk 00:02:15]} {[%emt 00:00:25]} Rc8 {[%clk
00:37:12]} {[%emt 00:00:25]} 39. g4 {[%clk 00:01:51]} {[%emt 00:00:34]} c4
{[%clk 00:37:12]} {[%emt 00:00:08]} 40. g5 {[%clk 00:01:50]} {[%emt 00:00:11]}
c3 {[%clk 00:37:12]} {[%emt 00:00:04]} 41. Ra7 {[%clk 00:01:50]} {[%emt
00:00:06]} Rg2 {[%clk 00:37:12]} {[%emt 00:00:07]} 0-1

[Event "2023 National K-12 Grade Championships"]
[Site "Orlando, Florida, United States"]
[Date "2023.12.17"]
[Round "6.20"]
[White "Kandikayala, Srikar"]
[Black "Chaudhury, Anmay Kumar"]
[Result "1/2-1/2"]
[TimeControl "G/90;d10"]
[WhiteElo "1841"]
[BlackElo "2019"]

1. e4 {[%clk 01:30:00]} {[%emt 00:00:02]} c5 {[%clk 01:30:00]} {[%emt
00:00:04]} 2. Nf3 {[%clk 01:30:00]} {[%emt 00:00:09]} d6 {[%clk 01:30:00]}
{[%emt 00:00:03]} 3. d4 {[%clk 01:29:59]} {[%emt 00:00:11]} cxd4 {[%clk
01:30:00]} {[%emt 00:00:03]} 4. Nxd4 {[%clk 01:29:59]} {[%emt 00:00:04]} Nf6
{[%clk 01:30:00]} {[%emt 00:00:06]} 5. Nc3 {[%clk 01:29:54]} {[%emt 00:00:16]}
a6 {[%clk 01:30:00]} {[%emt 00:00:03]} 6. Be2 {[%clk 01:29:51]} {[%emt
00:00:12]} e5 {[%clk 01:30:00]} {[%emt 00:00:05]} 7. Nf3 {[%clk 01:29:51]}
{[%emt 00:00:05]} Be7 {[%clk 01:29:23]} {[%emt 00:00:47]} 8. Bg5 {[%clk
01:29:36]} {[%emt 00:00:25]} Be6 {[%clk 01:29:21]} {[%emt 00:00:12]} 9. Bxf6
{[%clk 01:27:45]} {[%emt 00:02:01]} Bxf6 {[%clk 01:27:46]} {[%emt 00:01:46]} 10.
Nd5 {[%clk 01:26:34]} {[%emt 00:01:21]} Bxd5 {[%clk 01:26:19]} {[%emt
00:01:36]} 11. Qxd5 {[%clk 01:26:15]} {[%emt 00:00:29]} Qc7 {[%clk 01:26:12]}
{[%emt 00:00:17]} 12. O-O {[%clk 01:19:59]} {[%emt 00:06:27]} O-O {[%clk
01:24:19]} {[%emt 00:02:02]} 13. c3 {[%clk 01:15:22]} {[%emt 00:04:48]} Nd7
{[%clk 01:22:56]} {[%emt 00:01:32]} 14. Rfd1 {[%clk 01:06:55]} {[%emt
00:08:37]} Be7 {[%clk 01:22:56]} {[%emt 00:00:07]} 15. Nd2 {[%clk 01:03:54]}
{[%emt 00:03:11]} Rad8 {[%clk 01:11:37]} {[%emt 00:11:29]} 16. Bf3 {[%clk
00:58:23]} {[%emt 00:05:41]} Nf6 {[%clk 01:00:00]} {[%emt 00:11:47]} 17. Qb3
{[%clk 00:52:47]} {[%emt 00:05:46]} Rfe8 {[%clk 00:58:43]} {[%emt 00:01:28]} 18.
Nf1 {[%clk 00:44:30]} {[%emt 00:08:26]} Bf8 {[%clk 00:45:10]} {[%emt 00:13:44]}
19. Ne3 {[%clk 00:38:50]} {[%emt 00:05:49]} g6 {[%clk 00:43:44]} {[%emt
00:01:36]} 20. g3 {[%clk 00:35:12]} {[%emt 00:03:48]} Kh8 {[%clk 00:40:48]}
{[%emt 00:03:06]} 21. Qc2 {[%clk 00:20:34]} {[%emt 00:14:49]} Qc8 {[%clk
00:36:18]} {[%emt 00:04:39]} 22. Qe2 {[%clk 00:17:13]} {[%emt 00:03:31]} Qc6
{[%clk 00:30:15]} {[%emt 00:06:13]} 23. Qc4 {[%clk 00:14:12]} {[%emt 00:03:10]}
Qxc4 {[%clk 00:30:06]} {[%emt 00:00:20]} 24. Nxc4 {[%clk 00:14:12]} {[%emt
00:00:02]} d5 {[%clk 00:30:06]} {[%emt 00:00:11]} 25. exd5 {[%clk 00:13:01]}
{[%emt 00:01:20]} e4 {[%clk 00:30:06]} {[%emt 00:00:04]} 26. Bg2 {[%clk
00:12:33]} {[%emt 00:00:37]} Nxd5 {[%clk 00:30:06]} {[%emt 00:00:08]} 27. Rd4
{[%clk 00:11:39]} {[%emt 00:01:04]} b5 {[%clk 00:27:36]} {[%emt 00:02:41]} 28.
Rad1 {[%clk 00:09:08]} {[%emt 00:02:41]} bxc4 {[%clk 00:26:45]} {[%emt
00:01:01]} 29. Rxd5 {[%clk 00:09:08]} {[%emt 00:00:06]} Rb8 {[%clk 00:26:45]}
{[%emt 00:00:05]} 30. R1d2 {[%clk 00:07:54]} {[%emt 00:01:25]} e3 {[%clk
00:25:14]} {[%emt 00:01:40]} 31. fxe3 {[%clk 00:07:44]} {[%emt 00:00:20]} Bh6
{[%clk 00:25:07]} {[%emt 00:00:17]} 32. Re2 {[%clk 00:07:21]} {[%emt 00:00:33]}
Rxe3 {[%clk 00:23:38]} {[%emt 00:01:39]} 33. Bf1 {[%clk 00:06:48]} {[%emt
00:00:43]} Rd3 {[%clk 00:21:56]} {[%emt 00:01:52]} 34. Rde5 {[%clk 00:06:28]}
{[%emt 00:00:29]} Kg7 {[%clk 00:20:40]} {[%emt 00:01:25]} 35. Rc2 {[%clk
00:04:47]} {[%emt 00:01:53]} Be3+ {[%clk 00:13:44]} {[%emt 00:07:06]} 36. Kg2
{[%clk 00:04:10]} {[%emt 00:00:47]} Rbd8 {[%clk 00:13:31]} {[%emt 00:00:24]} 37.
Re2 {[%clk 00:04:04]} {[%emt 00:00:15]} Bc1 {[%clk 00:12:57]} {[%emt 00:00:44]}
38. Rf2 {[%clk 00:03:45]} {[%emt 00:00:29]} Rd2 {[%clk 00:12:04]} {[%emt
00:01:04]} 39. Rxd2 {[%clk 00:03:39]} {[%emt 00:00:15]} Rxd2+ {[%clk 00:12:04]}
{[%emt 00:00:05]} 40. Re2 {[%clk 00:03:39]} {[%emt 00:00:02]} Rxe2+ {[%clk
00:11:38]} {[%emt 00:00:36]} 41. Bxe2 {[%clk 00:03:39]} {[%emt 00:00:01]} Bxb2
{[%clk 00:11:38]} {[%emt 00:00:08]} 42. Bxc4 {[%clk 00:03:39]} {[%emt
00:00:02]} a5 {[%clk 00:11:38]} {[%emt 00:00:11]} 43. a4 {[%clk 00:03:29]}
{[%emt 00:00:20]} f5 {[%clk 00:11:36]} {[%emt 00:00:13]} 44. Kf3 {[%clk
00:03:21]} {[%emt 00:00:17]} Bxc3 {[%clk 00:11:36]} {[%emt 00:00:04]} 45. g4
{[%clk 00:03:00]} {[%emt 00:00:30]} Kf6 {[%clk 00:11:36]} {[%emt 00:00:08]} 46.
h3 {[%clk 00:02:58]} {[%emt 00:00:12]} Kg5 {[%clk 00:11:19]} {[%emt 00:00:27]}
47. gxf5 {[%clk 00:02:43]} {[%emt 00:00:26]} Kxf5 {[%clk 00:11:07]} {[%emt
00:00:22]} 48. Kg2 {[%clk 00:02:42]} {[%emt 00:00:10]} h5 {[%clk 00:11:00]}
{[%emt 00:00:17]} 49. Bd3+ {[%clk 00:02:42]} {[%emt 00:00:07]} Kg5 {[%clk
00:10:58]} {[%emt 00:00:12]} 50. Bc2 {[%clk 00:02:40]} {[%emt 00:00:12]} Be1
{[%clk 00:10:50]} {[%emt 00:00:18]} 51. Bd3 {[%clk 00:02:40]} {[%emt 00:00:06]}
Kf6 {[%clk 00:10:50]} {[%emt 00:00:04]} 52. Be2 {[%clk 00:02:40]} {[%emt
00:00:07]} Kg5 {[%clk 00:10:48]} {[%emt 00:00:12]} 53. Bd3 {[%clk 00:02:40]}
{[%emt 00:00:04]} Kh6 {[%clk 00:10:48]} {[%emt 00:00:04]} 54. Be2 {[%clk
00:02:40]} {[%emt 00:00:03]} Bh4 {[%clk 00:10:38]} {[%emt 00:00:19]} 55. Bd1
{[%clk 00:02:40]} {[%emt 00:00:06]} Be7 {[%clk 00:10:38]} {[%emt 00:00:03]} 56.
Be2 {[%clk 00:02:40]} {[%emt 00:00:02]} g5 {[%clk 00:10:38]} {[%emt 00:00:02]}
57. Bd3 {[%clk 00:02:40]} {[%emt 00:00:06]} Kg7 {[%clk 00:10:38]} {[%emt
00:00:02]} 58. Be2 {[%clk 00:02:40]} {[%emt 00:00:03]} Kg6 {[%clk 00:10:38]} 59.
Bd3+ {[%clk 00:02:40]} {[%emt 00:00:01]} Kh6 {[%clk 00:10:38]} {[%emt
00:00:04]} 60. Be2 {[%clk 00:02:40]} {[%emt 00:00:02]} Bc5 {[%clk 00:10:38]}
{[%emt 00:00:01]} 61. Bd3 {[%clk 00:02:40]} {[%emt 00:00:08]} Kg7 {[%clk
00:10:38]} {[%emt 00:00:07]} 62. Be2 {[%clk 00:02:40]} {[%emt 00:00:02]} h4
{[%clk 00:10:38]} {[%emt 00:00:02]} 63. Kf3 {[%clk 00:02:37]} {[%emt 00:00:13]}
Kf6 {[%clk 00:10:38]} {[%emt 00:00:01]} 64. Kg4 {[%clk 00:02:37]} {[%emt
00:00:01]} Bd4 {[%clk 00:10:38]} {[%emt 00:00:02]} 65. Bb5 {[%clk 00:02:37]}
Be3 {[%clk 00:10:38]} {[%emt 00:00:02]} 66. Bd3 {[%clk 00:02:37]} {[%emt
00:00:02]} Ke5 {[%clk 00:10:38]} {[%emt 00:00:01]} 67. Bb5 {[%clk 00:02:37]}
{[%emt 00:00:01]} Kd6 {[%clk 00:10:38]} 68. Be8 {[%clk 00:02:37]} {[%emt
00:00:04]} Bf4 {[%clk 00:10:38]} {[%emt 00:00:02]} 69. Bb5 {[%clk 00:02:37]}
{[%emt 00:00:02]} Kc7 {[%clk 00:10:38]} {[%emt 00:00:01]} 70. Be8 {[%clk
00:02:37]} {[%emt 00:00:02]} Kb7 {[%clk 00:10:38]} {[%emt 00:00:01]} 71. Bb5
{[%clk 00:02:37]} {[%emt 00:00:01]} Kb6 {[%clk 00:10:38]} 72. Be8 {[%clk
00:02:37]} {[%emt 00:00:03]} Kc5 {[%clk 00:10:38]} 73. Bb5 {[%clk 00:02:37]}
{[%emt 00:00:03]} Kb4 {[%clk 00:10:38]} 74. Be8 {[%clk 00:02:37]} {[%emt
00:00:02]} Bd2 {[%clk 00:10:38]} {[%emt 00:00:01]} 75. Bb5 {[%clk 00:02:37]}
{[%emt 00:00:02]} Kc3 {[%clk 00:10:38]} {[%emt 00:00:02]} 76. Be8 {[%clk
00:02:37]} {[%emt 00:00:02]} Kd4 {[%clk 00:10:38]} {[%emt 00:00:01]} 77. Bb5
{[%clk 00:02:37]} {[%emt 00:00:02]} Bf4 {[%clk 00:10:38]} {[%emt 00:00:02]} 78.
Bd7 {[%clk 00:02:37]} {[%emt 00:00:07]} Ke3 {[%clk 00:10:38]} {[%emt 00:00:02]}
79. Bb5 {[%clk 00:02:37]} {[%emt 00:00:01]} Ke4 {[%clk 00:10:38]} {[%emt
00:00:03]} 80. Bc6+ {[%clk 00:02:37]} {[%emt 00:00:03]} Kd4 {[%clk 00:10:38]}
{[%emt 00:00:01]} 81. Bb5 {[%clk 00:02:37]} {[%emt 00:00:06]} Bc1 {[%clk
00:10:38]} {[%emt 00:00:02]} 82. Bd7 {[%clk 00:02:37]} {[%emt 00:00:02]}
1/2-1/2

[Event "2023 National K-12 Grade Championships"]
[Site "Orlando, Florida, United States"]
[Date "2023.12.17"]
[Round "6.21"]
[White "Yue, Tariq"]
[Black "Paragua, Megan Althea"]
[Result "1/2-1/2"]
[TimeControl "G/90;d10"]
[WhiteElo "2047"]
[BlackElo "2173"]

1. d4 {[%clk 01:30:00]} Nf6 {[%clk 01:30:00]} {[%emt 00:00:06]} 2. Nf3 {[%clk
01:29:48]} {[%emt 00:00:22]} e6 {[%clk 01:30:00]} {[%emt 00:00:09]} 3. Bf4
{[%clk 01:29:06]} {[%emt 00:00:52]} c5 {[%clk 01:30:00]} {[%emt 00:00:09]} 4.
e3 {[%clk 01:29:06]} {[%emt 00:00:06]} cxd4 {[%clk 01:30:00]} {[%emt 00:00:05]}
5. exd4 {[%clk 01:29:06]} {[%emt 00:00:08]} d6 {[%clk 01:29:39]} {[%emt
00:00:32]} 6. Bd3 {[%clk 01:27:39]} {[%emt 00:01:36]} Be7 {[%clk 01:29:34]}
{[%emt 00:00:15]} 7. O-O {[%clk 01:27:15]} {[%emt 00:00:34]} O-O {[%clk
01:29:20]} {[%emt 00:00:21]} 8. c3 {[%clk 01:24:21]} {[%emt 00:03:07]} a6
{[%clk 01:25:52]} {[%emt 00:03:39]} 9. a4 {[%clk 01:23:29]} {[%emt 00:01:01]}
b6 {[%clk 01:25:33]} {[%emt 00:00:29]} 10. Nbd2 {[%clk 01:21:24]} {[%emt
00:02:15]} Bb7 {[%clk 01:25:22]} {[%emt 00:00:21]} 11. h3 {[%clk 01:20:01]}
{[%emt 00:01:32]} Nbd7 {[%clk 01:23:27]} {[%emt 00:02:05]} 12. Re1 {[%clk
01:15:33]} {[%emt 00:04:38]} Re8 {[%clk 01:19:38]} {[%emt 00:04:00]} 13. Qe2
{[%clk 01:08:35]} {[%emt 00:07:08]} Nf8 {[%clk 01:08:14]} {[%emt 00:11:34]} 14.
Qf1 {[%clk 01:05:08]} {[%emt 00:03:37]} Ng6 {[%clk 01:04:51]} {[%emt 00:03:32]}
15. Bh2 {[%clk 01:01:33]} {[%emt 00:03:45]} Qc7 {[%clk 01:02:24]} {[%emt
00:02:38]} 16. Rad1 {[%clk 00:54:56]} {[%emt 00:06:46]} Bf8 {[%clk 00:58:25]}
{[%emt 00:04:09]} 17. h4 {[%clk 00:49:38]} {[%emt 00:05:29]} Qc6 {[%clk
00:49:37]} {[%emt 00:08:58]} 18. Nc4 {[%clk 00:42:04]} {[%emt 00:07:44]} Rad8
{[%clk 00:47:02]} {[%emt 00:02:45]} 19. Ra1 {[%clk 00:40:26]} {[%emt 00:01:47]}
Nh5 {[%clk 00:41:03]} {[%emt 00:06:10]} 20. Ncd2 {[%clk 00:35:24]} {[%emt
00:05:10]} Ra8 {[%clk 00:38:59]} {[%emt 00:02:16]} 21. Be4 {[%clk 00:28:19]}
{[%emt 00:07:14]} Qc7 {[%clk 00:34:40]} {[%emt 00:04:30]} 22. Bxb7 {[%clk
00:27:09]} {[%emt 00:01:19]} Qxb7 {[%clk 00:34:30]} {[%emt 00:00:21]} 23. Ne4
{[%clk 00:26:44]} {[%emt 00:00:34]} Nhf4 {[%clk 00:30:57]} {[%emt 00:03:44]} 24.
h5 {[%clk 00:24:40]} {[%emt 00:02:14]} Nxh5 {[%clk 00:30:36]} {[%emt 00:00:30]}
25. Nxd6 {[%clk 00:23:28]} {[%emt 00:01:22]} Bxd6 {[%clk 00:30:36]} {[%emt
00:00:09]} 26. Bxd6 {[%clk 00:23:26]} {[%emt 00:00:11]} Nhf4 {[%clk 00:29:29]}
{[%emt 00:01:18]} 27. Bxf4 {[%clk 00:20:42]} {[%emt 00:02:53]} Nxf4 {[%clk
00:29:25]} {[%emt 00:00:14]} 28. Ne5 {[%clk 00:20:12]} {[%emt 00:00:40]} f6
{[%clk 00:24:18]} {[%emt 00:05:18]} 29. Nd3 {[%clk 00:18:58]} {[%emt 00:01:24]}
Nd5 {[%clk 00:23:28]} {[%emt 00:00:59]} 30. Qe2 {[%clk 00:17:12]} {[%emt
00:01:54]} Qc7 {[%clk 00:22:09]} {[%emt 00:01:32]} 31. Qg4 {[%clk 00:14:52]}
{[%emt 00:02:29]} Qc6 {[%clk 00:20:24]} {[%emt 00:01:57]} 32. Nf4 {[%clk
00:11:41]} {[%emt 00:03:20]} Nxf4 {[%clk 00:19:50]} {[%emt 00:00:44]} 33. Qxf4
{[%clk 00:11:41]} {[%emt 00:00:07]} Ra7 {[%clk 00:19:46]} {[%emt 00:00:15]} 34.
Qe4 {[%clk 00:11:21]} {[%emt 00:00:30]} Qxe4 {[%clk 00:16:25]} {[%emt
00:03:31]} 35. Rxe4 {[%clk 00:11:20]} {[%emt 00:00:11]} Kf7 {[%clk 00:15:54]}
{[%emt 00:00:40]} 36. b4 {[%emt 00:00:29]} 1/2-1/2